| 000 | 00925nam a2200301 a 4500 | ||
|---|---|---|---|
| 001 | 000113416 | ||
| 003 | CHAP | ||
| 005 | 20230329110344.0 | ||
| 008 | 170620s2016 sp a |r| ||1|||spa d | ||
| 010 | _a109877 | ||
| 011 | _a110849 | ||
| 020 | _a9788428399364 | ||
| 040 | _cCHAP | ||
| 082 | 0 | 4 |
_a664.362 _bM84 |
| 100 | 1 |
_aMoreno Vega, Alberto _9132657 |
|
| 245 | 1 | 0 |
_aObtención de aceites de oliva vírgenes / _cpor Alberto Moreno Vega y María Yolanda López Gálvez. |
| 260 |
_aMadrid : _bEdiciones Paraninfo, _c2016. |
||
| 300 |
_a241 p. : _bil. |
||
| 590 |
_aE5765TAJ _b05 _c20170620 _lUCH01 _h1137 |
||
| 650 | 1 | 4 |
_aAceite de oliva _xElaboración. _941160 |
| 650 | 1 | 4 |
_aAceite de oliva _xIndustria. _9132659 |
| 650 | 1 | 4 |
_aAceite de oliva _xNormas de calidad. _9444 |
| 650 | 1 | 4 |
_aSeguridad industrial. _9103675 |
| 700 | 1 |
_aLópez Gálvez, María Yolanda _9132658 |
|
| 901 | _aBK | ||
| 942 | _cLIBRO | ||
| 942 | _n0 | ||
| 999 |
_c109877 _d109877 |
||